000
00300nam a2200133Ia 4500
008
190216s9999||||xx |||||||||||||| ||und||
100
_a
Ninan. Vi
245
0
_a
Subsidiary Statistics
250
_a
1st Ed.
260
_b
Mar Gregorious
_c
1979
300
_a
149
650
_a
Mathematics
942
_c
BK
999
_c
30489
_d
30489